[Event "2. Bundesliga Ost 2014/2015"]
[Site "1020 Wien, Haus des Schachsports, Marathonweg 14"]
[Date "2015.02.21"]
[Round "8"]
[Board "1"]
[White "Juenger, Heinz"]
[Black "Banusz, Tamas"]
[Result "1/2-1/2"]
[WhiteElo "2110"]
[BlackElo "2595"]
[PlyCount "173"]
[EventDate "2014.10.18"]
[EventType "team"]
[EventRounds "11"]
[EventCountry "AUT"]
[WhiteTeam "SK Advisory Invest Baden"]
[BlackTeam "SG Hietzing/Ottakring"]

1. d4 d5 2. c4 e6 3. Nf3 Nf6 4. g3 a6 5. Bg2 dxc4 6. O-O b5 7. Ne5 Nd5 8. a4
Bb7 9. axb5 axb5 10. Rxa8 Bxa8 11. e4 Nf6 12. Nc3 c6 13. d5 exd5 14. exd5 cxd5
15. Nxb5 Bc5 16. Qa4 O-O 17. Qxa8 Qe8 18. Nc3 Qxe5 19. Bf4 Qh5 20. Bxd5 Bd4 21.
Bxc4 Nbd7 22. Qc6 Ne5 23. Bxe5 Qxe5 24. Qb5 Bxc3 25. bxc3 Qxc3 26. Qb3 Qe5 27.
h4 Qf5 28. Rc1 h6 29. Qc2 Qe5 30. Qc3 Qh5 31. Bf1 Rd8 32. Bg2 Qf5 33. Qf3 Qe5
34. Rd1 Rb8 35. Qd3 h5 36. Bf3 Rc8 37. Qe2 Qf5 38. Kg2 Rc3 39. Rd8+ Kh7 40. Rd4
Qc5 41. Rd3 Rc4 42. Qe3 Qxe3 43. Rxe3 g6 44. Kf1 Kg7 45. Rd3 Rc2 46. Ke1 Kf8
47. Re3 Nd7 48. Be2 Nc5 49. f3 f5 50. Kd1 Rb2 51. Rc3 Ne6 52. Rc2 Rb6 53. Ke1
f4 54. Kf2 Nd4 55. Ra2 fxg3+ 56. Kxg3 Nf5+ 57. Kf4 Kg7 58. Kg5 Nd6 59. Bd3 Rb4
60. Be4 Nf7+ 61. Kf4 Rb6 62. Ra7 Kf6 63. Ra5 Rd6 64. Rb5 Ra6 65. Rc5 Nd8 66.
Rc2 Ne6+ 67. Kg3 g5 68. hxg5+ Kxg5 69. f4+ Kf6 70. Rc3 Ra4 71. Re3 Rb4 72. Kf3
Ra4 73. Kg3 Ra7 74. Bd5 Rg7+ 75. Kf3 Nd4+ 76. Ke4 Nf5 77. Ra3 Re7+ 78. Kf3 Nd4+
79. Kg3 Rg7+ 80. Kf2 Re7 81. Bf3 h4 82. Ra5 Rc7 83. Be4 Ne6 84. Rh5 Nxf4 85.
Rf5+ Kg7 86. Rxf4 Rf7 87. Rxf7+ 1/2-1/2

[Event "2. Bundesliga Ost 2014/2015"]
[Site "1020 Wien, Haus des Schachsports, Marathonweg 14"]
[Date "2015.02.21"]
[Round "8"]
[Board "2"]
[White "Menezes, Christoph"]
[Black "Herndlbauer, Martin"]
[Result "1-0"]
[WhiteElo "2263"]
[BlackElo "2110"]
[PlyCount "81"]
[EventDate "2014.10.18"]
[EventType "team"]
[EventRounds "11"]
[EventCountry "AUT"]
[WhiteTeam "SG Hietzing/Ottakring"]
[BlackTeam "SK Advisory Invest Baden"]

1. d4 d5 2. c4 e6 3. Nf3 c5 4. cxd5 exd5 5. g3 Nf6 6. Bg2 Nc6 7. O-O Bg4 8. Ne5
Be6 9. Nxc6 bxc6 10. dxc5 Bxc5 11. Qc2 Qb6 12. Nc3 Bd6 13. Be3 Qc7 14. Rac1 Rc8
15. Qa4 O-O 16. Rfd1 Qd7 17. Qxa7 Rc7 18. Qa4 Bh3 19. Bd4 Bxg2 20. Kxg2 Nh5 21.
f3 Rb8 22. Qc2 Qe6 23. e4 Rcb7 24. b3 Ba3 25. Rb1 Qg6 26. Rd2 c5 27. Be5 Re8
28. Rxd5 Rbe7 29. Bd6 Re6 30. Rbd1 Bb4 31. Bc7 Qf6 32. Ne2 g5 33. Bd8 Rxd8 34.
Rxd8+ Kg7 35. R8d5 Qh6 36. Qc1 Rg6 37. a3 Ba5 38. Qxc5 Bb6 39. Qc3+ Nf6 40. g4
Qh4 41. Ng3 1-0

[Event "2. Bundesliga Ost 2014/2015"]
[Site "1020 Wien, Haus des Schachsports, Marathonweg 14"]
[Date "2015.02.21"]
[Round "8"]
[Board "3"]
[White "Zojer, Stefan"]
[Black "Penz, Harald"]
[Result "0-1"]
[WhiteElo "2093"]
[BlackElo "2321"]
[PlyCount "192"]
[EventDate "2014.10.18"]
[EventType "team"]
[EventRounds "11"]
[EventCountry "AUT"]
[WhiteTeam "SK Advisory Invest Baden"]
[BlackTeam "SG Hietzing/Ottakring"]

1. e4 e5 2. Nf3 Nf6 3. Nxe5 d6 4. Nf3 Nxe4 5. Nc3 Nxc3 6. dxc3 Be7 7. Be3 O-O
8. Qd2 Nd7 9. O-O-O b6 10. Bd3 Bb7 11. Kb1 Ne5 12. Nxe5 dxe5 13. Qe2 Bd6 14.
Qg4 Qe7 15. f3 Rfd8 16. Rhe1 g6 17. Bg5 f6 18. Bh4 Bc8 19. Qe4 Bf5 20. Bc4+ Kg7
21. Qe2 Be6 22. g4 Bxc4 23. Qxc4 Qf7 24. Qe4 Re8 25. Bf2 Rad8 26. Rd3 Re6 27.
Red1 Rde8 28. h4 Rb8 29. Qa4 Ree8 30. a3 a5 31. Qc6 Re6 32. Qb5 f5 33. gxf5
Qxf5 34. c4 e4 35. Bd4+ Kg8 36. Qxf5 gxf5 37. fxe4 Rxe4 38. Rf3 f4 39. Rg1+ Kf7
40. Rg7+ Ke6 41. Bc3 h6 42. Rd3 Rf8 43. Rg6+ Kf5 44. Rxh6 Kg4 45. Rg6+ Kh5 46.
Rg5+ Kxh4 47. Rg6 f3 48. Rd1 Re2 49. Rh1+ Rh2 50. Rh6+ Kg4 51. R6xh2 Bxh2 52.
Rxh2 f2 53. Rxf2 Rxf2 54. Be5 Rf7 55. Ka2 Kf5 56. Bc3 Ke6 57. c5 Kd5 58. cxb6
cxb6 59. Kb3 Rf3 60. Ka4 Kc6 61. Be5 Re3 62. Bf6 Re8 63. c4 Re4 64. b3 Kb7 65.
b4 Rxc4 66. Kb5 Rf4 67. Bc3 Rf5+ 68. Ka4 axb4 69. Bxb4 Kc6 70. Bd2 Re5 71. Bc3
Re4+ 72. Bb4 b5+ 73. Ka5 Re8 74. Bd2 Kc5 75. Bb4+ Kc4 76. Kb6 Re6+ 77. Ka5 Rg6
78. Be7 Rg7 79. Bf8 Ra7+ 80. Kb6 Ra8 81. Be7 Rb8+ 82. Ka6 Kd5 83. Ka5 Kc6 84.
Kb4 Re8 85. Bg5 Re4+ 86. Kb3 Kc5 87. Bh6 Kb6 88. Bg5 Re5 89. Bh6 Rh5 90. Be3+
Kc6 91. Kb4 Rh4+ 92. Kc3 Rh3 93. Kd4 Kb6 94. Bc1 Ka5 95. Bd2+ Ka4 96. Bb4 Rxa3
 0-1

[Event "2. Bundesliga Ost 2014/2015"]
[Site "1020 Wien, Haus des Schachsports, Marathonweg 14"]
[Date "2015.02.21"]
[Round "8"]
[Board "4"]
[White "Schneider-Zinner, Harald"]
[Black "Geismann, Bernhard"]
[Result "1-0"]
[WhiteElo "2336"]
[BlackElo "2047"]
[PlyCount "35"]
[EventDate "2014.10.18"]
[EventType "team"]
[EventRounds "11"]
[EventCountry "AUT"]
[WhiteTeam "SG Hietzing/Ottakring"]
[BlackTeam "SK Advisory Invest Baden"]

1. d4 Nf6 2. c4 c5 3. d5 b5 4. Nf3 g6 5. Qc2 Na6 6. a3 Qa5+ 7. Nbd2 bxc4 8. e4
Nb4 9. axb4 Qxa1 10. bxc5 Ba6 11. Bxc4 Bxc4 12. Qxc4 Bg7 13. O-O O-O 14. e5 Ne8
15. Qb5 d6 16. Qb7 Nf6 17. exf6 Bxf6 18. Ne4 1-0

[Event "2. Bundesliga Ost 2014/2015"]
[Site "1020 Wien, Haus des Schachsports, Marathonweg 14"]
[Date "2015.02.21"]
[Round "8"]
[Board "5"]
[White "Stangler, Peter"]
[Black "Dragnev, Valentin"]
[Result "0-1"]
[WhiteElo "2022"]
[BlackElo "2321"]
[PlyCount "120"]
[EventDate "2014.10.18"]
[EventType "team"]
[EventRounds "11"]
[EventCountry "AUT"]
[WhiteTeam "SK Advisory Invest Baden"]
[BlackTeam "SG Hietzing/Ottakring"]

1. d4 d5 2. Nf3 Nf6 3. Bg5 Ne4 4. Bf4 e6 5. Nbd2 f5 6. e3 Nd7 7. Nxe4 fxe4 8.
Ne5 g6 9. Nxd7 Bxd7 10. Be5 Rg8 11. f3 Bd6 12. Bxd6 cxd6 13. f4 Qb6 14. Qc1 g5
15. g3 gxf4 16. gxf4 Rc8 17. c3 Qd8 18. Qd2 b5 19. a3 a5 20. Qe2 Qh4+ 21. Qf2
Qf6 22. Rg1 Ke7 23. Be2 e5 24. Rxg8 Rxg8 25. fxe5 dxe5 26. Qxf6+ Kxf6 27. dxe5+
Kxe5 28. Kf2 Rf8+ 29. Kg3 Rg8+ 30. Kf2 Rf8+ 31. Kg3 Rb8 32. b4 Ra8 33. bxa5
Rxa5 34. Kf2 Ra6 35. Kg3 Rc6 36. Rc1 Ra6 37. Ra1 Rg6+ 38. Kf2 Kd6 39. Rg1 Rh6
40. Rh1 Kc5 41. Kg3 Rg6+ 42. Kf2 Kb6 43. Rd1 Bc6 44. Rg1 Rh6 45. Kg3 Ka5 46.
Bd1 Rg6+ 47. Kf2 Rf6+ 48. Kg3 Bb7 49. Be2 Rg6+ 50. Kf2 Rf6+ 51. Kg3 Bc6 52. h4
Rg6+ 53. Kf2 Rxg1 54. Kxg1 Ka4 55. Kf2 Kb3 56. Kg3 Kxc3 57. Kf4 d4 58. exd4
Kxd4 59. h5 e3 60. h6 Be4 0-1

[Event "2. Bundesliga Ost 2014/2015"]
[Site "1020 Wien, Haus des Schachsports, Marathonweg 14"]
[Date "2015.02.21"]
[Round "8"]
[Board "6"]
[White "Gstach, Jakob"]
[Black "Varga, Johannes"]
[Result "1-0"]
[WhiteElo "2263"]
[BlackElo "1788"]
[PlyCount "91"]
[EventDate "2014.10.18"]
[EventType "team"]
[EventRounds "11"]
[EventCountry "AUT"]
[WhiteTeam "SG Hietzing/Ottakring"]
[BlackTeam "SK Advisory Invest Baden"]

1. d4 e6 2. c4 f5 3. g3 Nf6 4. Bg2 Bb4+ 5. Bd2 Bxd2+ 6. Qxd2 O-O 7. Nc3 d6 8.
Nf3 Qe7 9. O-O e5 10. dxe5 dxe5 11. Nd5 Qd6 12. Nxf6+ Rxf6 13. Qd5+ Qxd5 14.
cxd5 e4 15. Nd4 c6 16. dxc6 Nxc6 17. Nxc6 Rxc6 18. f3 e3 19. Rfd1 f4 20. Rd8+
Kf7 21. gxf4 Rc2 22. Bf1 a5 23. Rd3 Rxb2 24. Rc1 Be6 25. Rc7+ Kf6 26. Rxe3 Rd8
27. a3 h6 28. h4 Rd4 29. Re4 Rd5 30. Kf2 Rd3 31. Rxb7 Rxf3+ 32. Kxf3 Rxb7 33.
Rd4 Rb3+ 34. Rd3 Rb5 35. e4 Rb1 36. Be2 Rb2 37. Rc3 g5 38. hxg5+ hxg5 39. fxg5+
Kxg5 40. Rc5+ Kh4 41. Ke3 a4 42. Ra5 Bb3 43. Bf3 Kg3 44. Rg5+ Kh2 45. Kf4 Rf2
46. Rh5+ 1-0

[Event "2. Bundesliga Ost 2014/2015"]
[Site "1020 Wien, Haus des Schachsports, Marathonweg 14"]
[Date "2015.02.21"]
[Round "8"]
[Board "1"]
[White "Stanec, Nikolaus"]
[Black "Szabo, Krisztian"]
[Result "1/2-1/2"]
[WhiteElo "2492"]
[BlackElo "2539"]
[PlyCount "46"]
[EventDate "2014.10.18"]
[EventType "team"]
[EventRounds "11"]
[EventCountry "AUT"]
[WhiteTeam "SC Donaustadt"]
[BlackTeam "ASVOE Mattersburg"]

1. c4 g6 2. Nc3 Bg7 3. Nf3 Nf6 4. g3 O-O 5. Bg2 d6 6. O-O Nc6 7. Rb1 e5 8. d3
a5 9. a3 h6 10. b4 axb4 11. axb4 Be6 12. b5 Ne7 13. Bb2 Qd7 14. Qd2 Bh3 15. Ra1
Bxg2 16. Kxg2 Rab8 17. e4 Nh5 18. Ng1 f5 19. Nge2 Nf6 20. Ra7 Nc8 21. Raa1 Ne7
22. Ra7 Nc8 23. Raa1 Ne7 1/2-1/2

[Event "2. Bundesliga Ost 2014/2015"]
[Site "1020 Wien, Haus des Schachsports, Marathonweg 14"]
[Date "2015.02.21"]
[Round "8"]
[Board "2"]
[White "Fodor, Tamas"]
[Black "Pingitzer, Harald"]
[Result "1-0"]
[WhiteElo "2490"]
[BlackElo "2269"]
[PlyCount "51"]
[EventDate "2014.10.18"]
[EventType "team"]
[EventRounds "11"]
[EventCountry "AUT"]
[WhiteTeam "ASVOE Mattersburg"]
[BlackTeam "SC Donaustadt"]

1. d4 d5 2. c4 c6 3. Nf3 e6 4. e3 f5 5. b3 Bd6 6. Be2 Nd7 7. Qc2 Ne7 8. O-O O-O
9. Bb2 Ng6 10. Nbd2 Nh4 11. Ne5 Qg5 12. g3 Ng6 13. f4 Qh6 14. a4 Ngxe5 15. dxe5
Bc5 16. Bd4 Bxd4 17. exd4 g5 18. cxd5 exd5 19. Bd3 Nb8 20. fxg5 Qxg5 21. Rf4
Be6 22. Nf3 Qh6 23. Nh4 Nd7 24. Nxf5 Bxf5 25. Bxf5 Rad8 26. e6 1-0

[Event "2. Bundesliga Ost 2014/2015"]
[Site "1020 Wien, Haus des Schachsports, Marathonweg 14"]
[Date "2015.02.21"]
[Round "8"]
[Board "3"]
[White "Kummer, Helmut"]
[Black "Brod, Manfred"]
[Result "1-0"]
[WhiteElo "2354"]
[BlackElo "2266"]
[PlyCount "135"]
[EventDate "2014.10.18"]
[EventType "team"]
[EventRounds "11"]
[EventCountry "AUT"]
[WhiteTeam "SC Donaustadt"]
[BlackTeam "ASVOE Mattersburg"]

1. d4 d5 2. c4 dxc4 3. Nf3 Nf6 4. e3 e6 5. Bxc4 c5 6. O-O a6 7. Bb3 b5 8. a4 c4
9. Bc2 Bb7 10. axb5 axb5 11. Rxa8 Bxa8 12. b3 cxb3 13. Bxb3 Be7 14. Qe2 Qb6 15.
Na3 b4 16. Nc4 Qd8 17. Bd2 Ne4 18. Ra1 Nxd2 19. Ncxd2 Nd7 20. Qb5 Bxf3 21. Nxf3
O-O 22. g3 Qc7 23. Kg2 Rb8 24. Qe2 g6 25. Qd1 Nf6 26. Ne5 Nd7 27. Rc1 Qb7+ 28.
Nc6 Nb6 29. e4 Rc8 30. d5 exd5 31. exd5 Bd6 32. Qd4 Re8 33. Na5 Qa6 34. Rc6
Qxa5 35. Rxd6 Nc8 36. Rd7 Qb6 37. Qf4 Re7 38. Rxe7 Nxe7 39. Qe5 Nf5 40. g4 Nd6
41. h4 h6 42. h5 gxh5 43. gxh5 Qd8 44. Kf3 Qd7 45. Ke2 Qg4+ 46. Kd2 Qd7 47. Qf4
Qe7 48. f3 Qg5 49. Qxg5+ hxg5 50. Kd3 f5 51. Bd1 Kg7 52. Kd4 b3 53. Bxb3 g4 54.
fxg4 fxg4 55. Bd1 g3 56. Bf3 Kh6 57. Ke5 Nc4+ 58. Kf4 g2 59. Bxg2 Kxh5 60. Bf1
Nb6 61. d6 Kg6 62. Ke5 Kf7 63. Bb5 Kf8 64. Kd4 Kf7 65. Kc5 Ke6 66. Kc6 Ke5 67.
Bc4 Nc8 68. d7 1-0

[Event "2. Bundesliga Ost 2014/2015"]
[Site "1020 Wien, Haus des Schachsports, Marathonweg 14"]
[Date "2015.02.21"]
[Round "8"]
[Board "4"]
[White "Wiedner, Robert"]
[Black "Karlusch, Albrecht"]
[Result "0-1"]
[WhiteElo "2183"]
[BlackElo "2129"]
[PlyCount "56"]
[EventDate "2014.10.18"]
[EventType "team"]
[EventRounds "11"]
[EventCountry "AUT"]
[WhiteTeam "ASVOE Mattersburg"]
[BlackTeam "SC Donaustadt"]

1. Nf3 Nf6 2. c4 c6 3. Qa4 g6 4. Nc3 Bg7 5. e4 d6 6. d4 O-O 7. Be2 Qc7 8. Bf4
Nbd7 9. O-O e5 10. dxe5 dxe5 11. Be3 Ng4 12. Bd2 f5 13. Ng5 Ndf6 14. c5 h6 15.
Bc4+ Kh8 16. Ne6 Bxe6 17. Bxe6 Nd7 18. exf5 gxf5 19. Bxf5 Nxh2 20. Kxh2 Rxf5
21. Qg4 e4+ 22. g3 Raf8 23. Nxe4 Nxc5 24. Kg2 Nxe4 25. Qxe4 Qf7 26. f3 Re8 27.
Qb4 Re2+ 28. Kg1 Qh5 0-1

[Event "2. Bundesliga Ost 2014/2015"]
[Site "1020 Wien, Haus des Schachsports, Marathonweg 14"]
[Date "2015.02.21"]
[Round "8"]
[Board "5"]
[White "Schwab, Rene"]
[Black "Salamon, Werner"]
[Result "0-1"]
[WhiteElo "2217"]
[BlackElo "2116"]
[PlyCount "86"]
[EventDate "2014.10.18"]
[EventType "team"]
[EventRounds "11"]
[EventCountry "AUT"]
[WhiteTeam "SC Donaustadt"]
[BlackTeam "ASVOE Mattersburg"]

1. e4 e5 2. Nf3 Nc6 3. Bc4 Be7 4. d4 exd4 5. Nxd4 d6 6. O-O Nf6 7. f3 O-O 8. a3
Nxd4 9. Qxd4 Nd7 10. Qd2 Bf6 11. Nc3 Nb6 12. Ba2 Re8 13. Ne2 Be6 14. Nf4 Bxa2
15. Rxa2 Be5 16. b3 Qf6 17. Ne2 Qh4 18. g3 Qh3 19. c4 a5 20. a4 Nd7 21. Qc2 Nc5
22. Nf4 Bd4+ 23. Rf2 Qd7 24. Nd5 Bxf2+ 25. Kxf2 c6 26. Nf4 Ne6 27. Nh5 Nd4 28.
Qd2 Qh3 29. Qxd4 Qxh2+ 30. Kf1 Qxh5 31. Kg2 d5 32. Rf2 Rad8 33. Bb2 Qh6 34.
cxd5 cxd5 35. e5 Qg6 36. Re2 h5 37. Bc3 b6 38. b4 axb4 39. Bxb4 Rc8 40. Qxd5
Rc2 41. Rxc2 Qxc2+ 42. Bd2 Qxa4 43. f4 Qa8 0-1

[Event "2. Bundesliga Ost 2014/2015"]
[Site "1020 Wien, Haus des Schachsports, Marathonweg 14"]
[Date "2015.02.21"]
[Round "8"]
[Board "6"]
[White "Savio, Alfred Jun."]
[Black "Gockner, Martin"]
[Result "1/2-1/2"]
[WhiteElo "2043"]
[BlackElo "1910"]
[PlyCount "126"]
[EventDate "2014.10.18"]
[EventType "team"]
[EventRounds "11"]
[EventCountry "AUT"]
[WhiteTeam "ASVOE Mattersburg"]
[BlackTeam "SC Donaustadt"]

1. Nc3 Nf6 2. e4 d6 3. d4 g6 4. Bc4 Bg7 5. Qe2 e5 6. dxe5 dxe5 7. Bg5 c6 8. Nf3
Qc7 9. Bb3 O-O 10. h3 Nbd7 11. Qe3 b6 12. O-O Ba6 13. Rfd1 Nc5 14. Nd2 Nfd7 15.
Bc4 Bxc4 16. Nxc4 Ne6 17. Bh4 Nd4 18. Qd2 b5 19. Ne3 Bh6 20. Ne2 Nxe2+ 21. Qxe2
Bg7 22. Qd2 Nc5 23. Qb4 Qb6 24. Be7 Na6 25. Qd6 Rfe8 26. Rd3 Qc7 27. Bh4 Qxd6
28. Rxd6 Rac8 29. Rd7 Rc7 30. Rad1 Rxd7 31. Rxd7 Nc5 32. Rxa7 Nxe4 33. Rc7 g5
34. f3 gxh4 35. fxe4 Re6 36. Nf5 Bf8 37. Rc8 c5 38. Nxh4 Rd6 39. Nf3 f6 40. Kf2
Rd1 41. b3 Rc1 42. Ne1 Kf7 43. a4 c4 44. bxc4 bxa4 45. Ra8 a3 46. Ra4 Bb4 47.
Rxb4 a2 48. Ra4 a1=Q 49. Rxa1 Rxa1 50. Ke2 Ke6 51. c5 Ra4 52. Ke3 Rc4 53. Kd3
Rxc5 54. c3 f5 55. exf5+ Kxf5 56. g3 Rc7 57. Ng2 Rd7+ 58. Ke3 h5 59. g4+ hxg4
60. hxg4+ Kxg4 61. Ke4 Rc7 62. Ne3+ Kg5 63. Nd5 Rxc3 1/2-1/2

[Event "2. Bundesliga Ost 2014/2015"]
[Site "1020 Wien, Haus des Schachsports, Marathonweg 14"]
[Date "2015.02.22"]
[Round "9"]
[Board "1"]
[White "Szabo, Krisztian"]
[Black "Videki, Sandor"]
[Result "1/2-1/2"]
[WhiteElo "2539"]
[BlackElo "2380"]
[PlyCount "119"]
[EventDate "2014.10.18"]
[EventType "team"]
[EventRounds "11"]
[EventCountry "AUT"]
[WhiteTeam "ASVOE Mattersburg"]
[BlackTeam "SC Data Technology Pressbaum/E."]

1. e4 e6 2. d4 d5 3. Nc3 Bb4 4. e5 c5 5. a3 Ba5 6. b4 cxd4 7. Qg4 Kf8 8. Nb5
Bb6 9. Bb2 Nc6 10. Nf3 Nge7 11. Nbxd4 h5 12. Qg3 Bd7 13. Bd3 a6 14. Qf4 Kg8 15.
O-O Nxd4 16. Bxd4 Bxd4 17. Nxd4 Qc7 18. Rfe1 Nc6 19. Re3 Nxd4 20. Qxd4 Rc8 21.
a4 g6 22. Qf4 f5 23. Rg3 Be8 24. b5 Qa5 25. Rb1 Rh7 26. h4 Rg7 27. Kh2 Kh7 28.
Qd4 axb5 29. axb5 Qc3 30. Qf4 Qc5 31. Re3 Ra8 32. Qg5 Ra4 33. Qf6 Qe7 34. Qxe7
Rxe7 35. g3 b6 36. Ree1 Rea7 37. Rb3 Rc7 38. Reb1 Kg7 39. Rb4 Ra3 40. Kh3 Ra5
41. Kg2 Bd7 42. Kf3 Bc8 43. Ke3 Kf7 44. Rd4 Ra3 45. Kf4 Kg7 46. Kg5 Bd7 47. f3
Be8 48. Rf4 Rc5 49. g4 Ra5 50. gxh5 gxh5 51. Rfb4 Rc7 52. Rg1 Bg6 53. Kf4 Rca7
54. Ke3 Ra1 55. Rbb1 Rxb1 56. Rxb1 Ra4 57. f4 Be8 58. Rg1+ Kh7 59. Rb1 Bd7 60.
Kf3 1/2-1/2

[Event "2. Bundesliga Ost 2014/2015"]
[Site "1020 Wien, Haus des Schachsports, Marathonweg 14"]
[Date "2015.02.22"]
[Round "9"]
[Board "2"]
[White "Rumpl, Erwin"]
[Black "Fodor, Tamas"]
[Result "1/2-1/2"]
[WhiteElo "2314"]
[BlackElo "2490"]
[PlyCount "80"]
[EventDate "2014.10.18"]
[EventType "team"]
[EventRounds "11"]
[EventCountry "AUT"]
[WhiteTeam "SC Data Technology Pressbaum/E."]
[BlackTeam "ASVOE Mattersburg"]

1. Nf3 e6 2. d4 b6 3. g3 Bb7 4. Bg2 Nf6 5. O-O Be7 6. c4 O-O 7. Nc3 Ne4 8. Nxe4
Bxe4 9. Ne1 Bxg2 10. Nxg2 f5 11. Qd3 Nc6 12. e4 fxe4 13. Qxe4 Bf6 14. Be3 Qe8
15. Nf4 e5 16. dxe5 Qxe5 17. Qxe5 Nxe5 18. Rad1 Nxc4 19. Rxd7 Be5 20. b3 Nxe3
21. fxe3 Rad8 22. Rfd1 Bd6 23. Rxd8 Rxd8 24. Kf2 Re8 25. Rd5 Kf7 26. Kf3 Ke7
27. Rh5 h6 28. Rf5 Bxf4 29. exf4 Rd8 30. Re5+ Kf6 31. Re2 c5 32. g4 Rd3+ 33.
Re3 Rd1 34. h4 Rd2 35. a4 Rd4 36. h5 Rb4 37. Rc3 a5 38. Rd3 Ke6 39. Re3+ Kf7
40. Rc3 Ke6 1/2-1/2

[Event "2. Bundesliga Ost 2014/2015"]
[Site "1020 Wien, Haus des Schachsports, Marathonweg 14"]
[Date "2015.02.22"]
[Round "9"]
[Board "3"]
[White "Brod, Manfred"]
[Black "Neumeier, Klaus"]
[Result "1/2-1/2"]
[WhiteElo "2266"]
[BlackElo "2268"]
[PlyCount "97"]
[EventDate "2014.10.18"]
[EventType "team"]
[EventRounds "11"]
[EventCountry "AUT"]
[WhiteTeam "ASVOE Mattersburg"]
[BlackTeam "SC Data Technology Pressbaum/E."]

1. e4 c5 2. Nc3 e6 3. g3 d5 4. exd5 exd5 5. Bg2 Nf6 6. d3 d4 7. Ne4 Nxe4 8.
dxe4 Nc6 9. Ne2 Be7 10. O-O O-O 11. Nf4 Re8 12. Nd5 Be6 13. c4 dxc3 14. bxc3
Bxd5 15. exd5 Na5 16. Qd3 Bd6 17. c4 Qd7 18. Bd2 Qa4 19. Rfc1 b6 20. Bf3 Be5
21. Bd1 Qd7 22. Rab1 Nb7 23. Bc2 g6 24. Qa3 Bd4 25. Re1 Nd6 26. Bd3 h5 27. Bc3
Bxc3 28. Qxc3 Rxe1+ 29. Rxe1 Re8 30. Re5 Re7 31. Qe1 Kf8 32. Qe3 Rxe5 33. Qxe5
Ne8 34. f4 Qd6 35. Kf2 Qf6 36. Kf3 Qd6 37. Bc2 Qd7 38. f5 gxf5 39. Bxf5 Qd6 40.
Qh8+ Ke7 41. Qxh5 Qf6 42. Qh4 Qxh4 43. gxh4 Nd6 44. Bd3 Kf8 45. Kf4 f6 46. Kg4
Kg7 47. Kh5 Nf7 48. Be2 Nd6 49. Bd3 1/2-1/2

[Event "2. Bundesliga Ost 2014/2015"]
[Site "1020 Wien, Haus des Schachsports, Marathonweg 14"]
[Date "2015.02.22"]
[Round "9"]
[Board "4"]
[White "Weissenbeck, Manuel"]
[Black "Wiedner, Robert"]
[Result "1-0"]
[WhiteElo "2213"]
[BlackElo "2183"]
[PlyCount "77"]
[EventDate "2014.10.18"]
[EventType "team"]
[EventRounds "11"]
[EventCountry "AUT"]
[WhiteTeam "SC Data Technology Pressbaum/E."]
[BlackTeam "ASVOE Mattersburg"]

1. d4 Nf6 2. c4 e6 3. Nf3 Ne4 4. a3 d5 5. e3 c6 6. Bd3 Qa5+ 7. Nbd2 Nd7 8. O-O
f5 9. b4 Qd8 10. Bb2 Bd6 11. Ne5 O-O 12. Nb3 Qg5 13. Qe2 Nef6 14. f4 Qh4 15. c5
Bc7 16. Bc3 Ne4 17. Bxe4 dxe4 18. a4 Nf6 19. b5 cxb5 20. axb5 Bd7 21. Rfc1 g5
22. g3 Qh6 23. Nxd7 Nxd7 24. Qc4 Rfe8 25. d5 gxf4 26. exf4 Kf7 27. Rd1 Nf8 28.
d6 Bd8 29. c6 bxc6 30. bxc6 Bb6+ 31. Bd4 Qh5 32. d7 Red8 33. Bxb6 axb6 34. Qd4
Qe2 35. Qd2 Qc4 36. Rxa8 Rxa8 37. c7 Nxd7 38. Qxd7+ Kg6 39. Nd4 1-0

[Event "2. Bundesliga Ost 2014/2015"]
[Site "1020 Wien, Haus des Schachsports, Marathonweg 14"]
[Date "2015.02.22"]
[Round "9"]
[Board "5"]
[White "Salamon, Werner"]
[Black "Hechl, Gerald"]
[Result "1/2-1/2"]
[WhiteElo "2116"]
[BlackElo "2180"]
[PlyCount "67"]
[EventDate "2014.10.18"]
[EventType "team"]
[EventRounds "11"]
[EventCountry "AUT"]
[WhiteTeam "ASVOE Mattersburg"]
[BlackTeam "SC Data Technology Pressbaum/E."]

1. e4 Nf6 2. Nc3 e5 3. Nf3 Bb4 4. Nxe5 O-O 5. Nd3 Bxc3 6. dxc3 Nxe4 7. Be2 d5
8. O-O c6 9. Nf4 Nd6 10. Bd3 Nd7 11. Re1 Re8 12. Rxe8+ Qxe8 13. Be3 Ne5 14. Qd2
Ndc4 15. Qc1 Nxd3 16. cxd3 Nxe3 17. Qxe3 Qxe3 18. fxe3 Bf5 19. Rd1 Re8 20. Kf2
Kf8 21. Kf3 g5 22. Ne2 h5 23. h3 Kg7 24. g4 hxg4+ 25. hxg4 Bg6 26. Ng3 Rh8 27.
Rd2 Rh3 28. Kg2 Rh4 29. Kf3 Kf6 30. e4 Ke5 31. Re2 Kd6 32. b4 Rh8 33. a4 b6 34.
Rd2 1/2-1/2

[Event "2. Bundesliga Ost 2014/2015"]
[Site "1020 Wien, Haus des Schachsports, Marathonweg 14"]
[Date "2015.02.22"]
[Round "9"]
[Board "6"]
[White "Schmidrathner, Christian"]
[Black "Savio, Alfred Jun."]
[Result "1-0"]
[WhiteElo "2075"]
[BlackElo "2043"]
[PlyCount "81"]
[EventDate "2014.10.18"]
[EventType "team"]
[EventRounds "11"]
[EventCountry "AUT"]
[WhiteTeam "SC Data Technology Pressbaum/E."]
[BlackTeam "ASVOE Mattersburg"]

1. e4 c6 2. d4 d5 3. e5 Bf5 4. Nc3 e6 5. g4 Bg6 6. Nge2 c5 7. h4 Nc6 8. h5 Be4
9. Nxe4 dxe4 10. c3 cxd4 11. cxd4 Bb4+ 12. Bd2 Nge7 13. a3 Bxd2+ 14. Qxd2 Qd5
15. Rg1 O-O-O 16. Rd1 f6 17. Nf4 Qxd4 18. Nxe6 Qxd2+ 19. Rxd2 Rxd2 20. Kxd2
Nxe5 21. Be2 g6 22. Rc1+ Kb8 23. Ke3 f5 24. gxf5 gxf5 25. Kf4 Nd3+ 26. Bxd3
exd3 27. Rd1 Rc8 28. Rxd3 Rc2 29. f3 a6 30. Rd7 Nc6 31. Rxh7 Rxb2 32. h6 Rh2
33. Rh8+ Ka7 34. Kxf5 Ne7+ 35. Kf6 Ng8+ 36. Rxg8 Rxh6+ 37. Ke5 b5 38. Rg3 a5
39. f4 b4 40. axb4 axb4 41. Rb3 1-0

[Event "2. Bundesliga Ost 2014/2015"]
[Site "1020 Wien, Haus des Schachsports, Marathonweg 14"]
[Date "2015.02.22"]
[Round "9"]
[Board "1"]
[White "Banusz, Tamas"]
[Black "Stanec, Nikolaus"]
[Result "1-0"]
[WhiteElo "2595"]
[BlackElo "2492"]
[PlyCount "117"]
[EventDate "2014.10.18"]
[EventType "team"]
[EventRounds "11"]
[EventCountry "AUT"]
[WhiteTeam "SG Hietzing/Ottakring"]
[BlackTeam "SC Donaustadt"]

1. Nf3 Nf6 2. c4 c5 3. Nc3 g6 4. e4 d6 5. d4 cxd4 6. Nxd4 Bg7 7. Be2 O-O 8. O-O
Nc6 9. Be3 Nxd4 10. Bxd4 Be6 11. f4 a6 12. Qd3 Bg4 13. Rad1 Bxe2 14. Qxe2 Ne8
15. Bxg7 Kxg7 16. Nd5 e6 17. Ne3 Qb6 18. Kh1 Qc6 19. Qd3 Nf6 20. e5 dxe5 21.
fxe5 Ng8 22. Qd6 Qe4 23. Qd4 Qxd4 24. Rxd4 Rac8 25. b4 Rc7 26. Rfd1 Ne7 27. a3
Nf5 28. Nxf5+ exf5 29. c5 Re8 30. Rd5 Rce7 31. Kg1 Re6 32. Kf2 R8e7 33. R1d3 f6
34. exf6+ Kxf6 35. Rd6 Rxd6 36. Rxd6+ Ke5 37. Kf3 Rc7 38. h4 a5 39. Rd3 axb4
40. axb4 Rc6 41. Re3+ Kf6 42. Rc3 Ke5 43. Re3+ Kf6 44. Ra3 h6 45. Ra7 Rc7 46.
Ra5 g5 47. h5 Re7 48. b5 Re5 49. b6 f4 50. Kf2 Re4 51. Ra7 Rc4 52. Rxb7 Rxc5
53. Rh7 Rb5 54. Rxh6+ Kf5 55. Rc6 g4 56. h6 g3+ 57. Ke2 Rb2+ 58. Kd3 f3 59. h7
 1-0